000 00501nam a2200193Ia 4500
005 20240913125738.0
008 240913s9999||||xx |||||||||||||| ||und||
020 _a978-0-7506-7967-1
041 _aENGLISH
082 _A006.4 P7
100 _aJohn R Vacca
245 0 _aBiometric Technologies and Verification systems
250 _a1st
260 _c2007
_bButterworth Heinenann,Burli
500 _aREFERENCE
650 _aBiometric
_bInformation Technology
942 _cREF
999 _c246180
_d246180